Guess The Streaming Logo - Statistics

General Stats
  • This quiz has been taken 28 times
  • The average score is 4 of 7
Answer Stats
Picture Answer % Correct
CNN
100%
ESPN
83%
CBS
74%
NBC
74%
Prime
52%
Fox Nation
26%
WFSB
13%
No matching quizzes found
Score Distribution
Percent of People with Each Score
Percentile by Number Answered
Your Score History
You have not taken this quiz